000
00259nam a22001217a 4500
008
180802b xxu||||| |||| 00| 0 eng d
082
_a
813.52
245
_a
Don Ellis
_c
Disc
260
_c
1973
300
_a
1
_f
CD
440
_x
602517859593
942
_2
ddc
_c
MX
999
_c
46707
_d
46707